[Event "RUS-ch Silent"]
[Site "Zelenograd"]
[Date "2019.04.13"]
[Round "11"]
[White "Kudriavtsev, Yury"]
[Black "Solovey, Vjacheslav"]
[Result "1/2-1/2"]
[WhiteElo "1709"]
[BlackElo "1722"]
[PlyCount "169"]
[EventDate "2019.04.03"]
[EventType "swiss"]
[EventRounds "11"]
[EventCountry "RUS"]
[SourceTitle "CBM 190 Extra"]
[Source "ChessBase"]
[SourceDate "2019.07.15"]
[SourceVersion "1"]
[SourceVersionDate "2019.07.15"]
[SourceQuality "1"]

1. d4 d5 2. Nf3 Nf6 3. e3 e6 4. Bd3 Bd6 5. 0-0 0-0 6. Nbd2 Re8 7. e4 dxe4 8. Nxe4 Nxe4 9. Bxe4 Nd7 10. Bg5 Be7 11. Be3 c6 12. c3 f5 13. Bc2 Kh8 14. Qd2 Bf6 15. Rfe1 Nf8 16. Rad1 Ng6 17. Bg5 Bxg5 18. Nxg5 Qf6 19. Bb3 h6 20. Nf3 Bd7 21. Ne5 Rad8 22. g3 Bc8 23. Qe3 Nxe5 24. Qxe5 Qxe5 25. Rxe5 Re7 26. Rde1 Rde8 27. d5 cxd5 28. Bxd5 g6 29. f4 Kg7 30. c4 Kf6 31. Bf3 Rc7 32. c5 Bd7 33. Rd1 Bc6 34. Kf2 Bxf3 35. Kxf3 g5 36. Rd6 g4+ 37. Ke3 Rc6 38. b4 Rxd6 39. cxd6 Rd8 40. Rb5 b6 41. a4 Rxd6 42. a5 Ke7 43. axb6 axb6 44. Re5 Kd7 45. Ke2 Rd5 46. Re3 Rd4 47. Rb3 b5 48. Ke1 Kd6 49. Ke2 Kd5 50. Ke3 Kc4 51. Rb1 Rd3+ 52. Kf2 Rb3 53. Re1 Rb2+ 54. Kg1 Kd5 55. Re5+ Kd6 56. Rxb5 Rc2 57. Rb6+ Rc6 58. Rb8 Kc7 59. Rh8 Rb6 60. Rxh6 Kd6 61. Rh8 Rxb4 62. Rd8+ Ke7 63. Rd2 Kf6 64. Kg2 Rb7 65. h3 gxh3+ 66. Kxh3 Rh7+ 67. Kg2 Ra7 68. Rc2 Rd7 69. Rc3 Kg6 70. Kf3 Kf6 71. g4 fxg4+ 72. Kxg4 Rg7+ 73. Kf3 Ra7 74. Rc5 Ra3+ 75. Kg4 Ra4 76. Rh5 Ra1 77. Rh6+ Kf7 78. Kg3 Rg1+ 79. Kf2 Rg4 80. Kf3 Rg6 81. Rh7+ Rg7 82. Rh8 Kf6 83. Ke4 Rg1 84. Rh6+ Rg6 85. Rh8 1/2-1/2

[Event "RUS-ch Silent"]
[Site "Zelenograd"]
[Date "2019.04.11"]
[Round "9"]
[White "Kudriavtsev, Yury"]
[Black "Rubel, Maxim"]
[Result "1-0"]
[WhiteElo "1709"]
[BlackElo "1586"]
[PlyCount "61"]
[EventDate "2019.04.03"]
[EventType "swiss"]
[EventRounds "11"]
[EventCountry "RUS"]
[SourceTitle "CBM 190 Extra"]
[Source "ChessBase"]
[SourceDate "2019.07.15"]
[SourceVersion "1"]
[SourceVersionDate "2019.07.15"]
[SourceQuality "1"]

1. d4 d5 2. Nf3 Nf6 3. e3 e6 4. Bd3 c5 5. c3 Be7 6. 0-0 0-0 7. Nbd2 Nc6 8. dxc5 Bxc5 9. e4 e5 10. exd5 Qxd5 11. Qe2 Re8 12. Ne4 Nxe4 13. Bxe4 Qd6 14. Qc2 h6 15. b4 Bb6 16. b5 Ne7 17. Rd1 Qc7 18. Ba3 f5 19. Qb3+ Kh8 20. Qf7 Rg8 21. Bc2 Bc5 22. Bxc5 Qxc5 23. Bb3 f4 24. Nh4 Bg4 25. Bc2 Bxd1 26. Rxd1 g6 27. Bxg6 Rg7 28. Qf6 Qxc3 29. Be4 Ng8 30. Ng6+ Kh7 31. Nxe5+ 1-0

[Event "RUS-ch Silent"]
[Site "Zelenograd"]
[Date "2018.11.01"]
[Round "9"]
[White "Mansursky, Shevket"]
[Black "Kudriavtsev, Yury"]
[Result "0-1"]
[WhiteElo "1617"]
[BlackElo "1799"]
[PlyCount "80"]
[EventDate "2018.10.25"]
[EventType "swiss"]
[EventRounds "11"]
[EventCountry "RUS"]
[SourceTitle "EXT 2020"]
[Source "ChessBase"]
[SourceDate "2019.10.17"]
[SourceVersion "1"]
[SourceVersionDate "2019.10.17"]
[SourceQuality "1"]

1. Nf3 d6 2. c4 e5 3. e4 Nf6 4. Nc3 Be7 5. Be2 0-0 6. 0-0 Nbd7 7. d3 c6 8. b3 Qa5 9. Qc2 a6 10. h3 b5 11. g4 Qd8 12. d4 Bb7 13. Bb2 Rc8 14. Rad1 Qc7 15. d5 cxd5 16. Nxd5 Nxd5 17. exd5 bxc4 18. bxc4 Nb6 19. Qb3 Rb8 20. Rc1 Nd7 21. Nd2 Bg5 22. Qd1 Nc5 23. Rc2 Bc8 24. Nf3 Be7 25. Kg2 f5 26. Nh2 fxg4 27. Bxg4 Bf5 28. Bxf5 Rxf5 29. Kh1 Rbf8 30. Bc1 h5 31. f3 Qc8 32. Rg2 e4 33. Rfg1 R8f7 34. f4 Nd3 35. Be3 Qxc4 36. Rc2 Qxd5 37. Rc8+ Rf8 38. Rxf8+ Kxf8 39. Qc2 Nxf4 40. Rg6 Nxg6 0-1

[Event "Zelenograd-ch"]
[Site "Zelenograd"]
[Date "2016.09.20"]
[Round "4"]
[White "Kudriavtsev, Yury"]
[Black "Komendant, Vasily"]
[Result "1-0"]
[WhiteElo "1845"]
[BlackElo "1629"]
[PlyCount "45"]
[EventDate "2016.09.19"]
[EventType "swiss"]
[EventRounds "11"]
[EventCountry "RUS"]
[SourceTitle "EXT 2017"]
[Source "ChessBase"]
[SourceDate "2016.10.25"]
[SourceVersion "1"]
[SourceVersionDate "2016.10.25"]
[SourceQuality "1"]

1. d4 Nf6 2. Bf4 d5 3. Nf3 Bf5 4. e3 e6 5. Bd3 Bg6 6. 0-0 Nbd7 7. c4 c5 8. Nc3 cxd4 9. exd4 Bxd3 10. Qxd3 dxc4 11. Qxc4 Nb6 12. Qb5+ Qd7 13. Qe2 Bd6 14. Be5 Nbd5 15. Nb5 Bxe5 16. dxe5 Nf4 17. Qc4 N6d5 18. Nd6+ Ke7 19. Rfe1 f6 20. Ne4 Rac8 21. Qb3 Qc6 22. Qa3+ Kd7 23. Rad1 1-0

[Event "RUS-ch Silent"]
[Site "Zelenograd"]
[Date "2009.09.14"]
[Round "4"]
[White "Kudriavtsev, Yury"]
[Black "Fomichev, Sergey1111"]
[Result "1/2-1/2"]
[WhiteElo "1944"]
[BlackElo "2165"]
[PlyCount "35"]
[EventDate "2009.09.11"]
[EventType "swiss"]
[EventRounds "9"]
[EventCountry "RUS"]
[SourceTitle "EXT 2023"]
[Source "ChessBase"]
[SourceDate "2022.10.05"]
[SourceVersion "1"]
[SourceVersionDate "2022.10.05"]
[SourceQuality "1"]

1. e4 c5 2. Nf3 d6 3. d4 cxd4 4. Nxd4 Nf6 5. Nc3 a6 6. f3 g6 7. Be3 Bg7 8. Qd2 Nc6 9. 0-0-0 Bd7 10. g4 Qc7 11. g5 Nh5 12. Nd5 Qd8 13. f4 Bg4 14. Be2 Bxe2 15. Nxe2 Rc8 16. Nb6 Rc7 17. Nd5 Rc8 18. Nb6 1/2-1/2

[Event "St Petersburg March op"]
[Site "St Petersburg"]
[Date "2009.03.31"]
[Round "2"]
[White "Kudriavtsev, Yury"]
[Black "Malinicheva, Lidia"]
[Result "0-1"]
[WhiteElo "1915"]
[BlackElo "2024"]
[PlyCount "110"]
[EventDate "2009.03.30"]
[EventType "swiss"]
[EventRounds "9"]
[EventCountry "RUS"]
[SourceTitle "EXT 2012"]
[Source "ChessBase"]
[SourceDate "2011.11.24"]
[SourceVersion "1"]
[SourceVersionDate "2011.11.24"]
[SourceQuality "1"]

1. e4 c5 2. Nf3 e6 3. d4 cxd4 4. Nxd4 a6 5. Nc3 Qc7 6. Be3 Bb4 7. Qd2 Nf6 8. f3 d5 9. Bd3 e5 10. exd5 exd4 11. Bxd4 Nxd5 12. 0-0 Bxc3 13. bxc3 Nc6 14. Qg5 Nxd4 15. Qxg7 Rf8 16. Qxd4 Be6 17. Qa4+ Ke7 18. Qh4+ Kd7 19. c4 Qf4 20. Qf2 Nc7 21. Rab1 Rab8 22. Rfd1 Ke7 23. Qc5+ Qd6 24. Qe3 b6 25. Kh1 Qc5 26. Qf4 h5 27. Re1 b5 28. Re5 Qc6 29. Be4 Qxc4 30. Qe3 Ne8 31. Bf5 Rd8 32. Re1 Rd6 33. f4 Qd4 34. Qg3 Nf6 35. Bxe6 fxe6 36. f5 Ng4 37. Rxe6+ Kd7 38. Re7+ Kd8 39. h3 Nf6 40. Qf3 Qd5 41. Qc3 Qc6 42. Qe5 Rg8 43. Qe2 h4 44. Ra7 Rd7 45. Rxd7+ Nxd7 46. Rd1 Rg3 47. Rd2 Rxh3+ 48. Kg1 Qc5+ 49. Qf2 Re3 50. Kh1 Qe5 51. Rd1 Kc7 52. Qd2 Qe7 53. Qa5+ Kb7 54. Qd2 Nf6 55. Qd4 Re4 0-1

[Event "St Petersburg March op"]
[Site "St Petersburg"]
[Date "2009.03.30"]
[Round "1"]
[White "Smirnov, Artem"]
[Black "Kudriavtsev, Yury"]
[Result "1-0"]
[WhiteElo "2441"]
[BlackElo "1915"]
[PlyCount "37"]
[EventDate "2009.03.30"]
[EventType "swiss"]
[EventRounds "9"]
[EventCountry "RUS"]
[SourceTitle "EXT 2012"]
[Source "ChessBase"]
[SourceDate "2011.11.24"]
[SourceVersion "1"]
[SourceVersionDate "2011.11.24"]
[SourceQuality "1"]

1. e4 e6 2. d4 d5 3. e5 c5 4. c3 Nc6 5. Nf3 Qb6 6. a3 cxd4 7. cxd4 Bd7 8. b4 f6 9. Bd3 fxe5 10. dxe5 Nge7 11. b5 Nd8 12. Be3 Qa5+ 13. Bd2 Qc7 14. Nc3 Nf7 15. 0-0 Nxe5 16. Bf4 Nxf3+ 17. Qxf3 Qa5 18. Be5 Ng6 19. Qh5 1-0